00827cam a22002291i 45000010005000000030008000050050017000130080039000300350018000690350024000870400034001110410008001450820024001531000040001772450141002172600038003583000029003965000081004255040037005066500031005436500023005743324BD-RjUL20211208233718.0131218s1962 nyua b 001 0 eng a(BD-RjUL)3358 a(OCoLC)ocn221054037 dUPvMRCaBD-RjULbengcBD-RjUL aeng a338.01954bBEM 19621 aBeri, G. C.q(Govind Chand),d1932-10aMeasurements of production and productivity in Indian industry :bwith special reference to some methodological aspects /cby G. C. Beri aBombay :bAsia Pub. House,c1962. a177 p. :bill. ;c22 cm. a"This work ... was accepted by the London University for the PH. D. degree." aIncludes bibliography and index. 0aLabor productivityzIndia. 0aIndustrieszIndia.